永不屈服的灵魂: 贝多芬传 (Record no. 4287)

000 -LEADER
fixed length control field 00509nam a22001937a 4500
003 - CONTROL NUMBER IDENTIFIER
control field MPLRDC
005 - DATE AND TIME OF LATEST TRANSACTION
control field 20220104114031.0
008 - FIXED-LENGTH DATA ELEMENTS--GENERAL INFORMATION
fixed length control field 210129b ||||| |||| 00| 0 eng d
020 ## - INTERNATIONAL STANDARD BOOK NUMBER
International Standard Book Number 957-32-0001-5
082 ## - DEWEY DECIMAL CLASSIFICATION NUMBER
Classification number 784.28 BET
100 ## - MAIN ENTRY--PERSONAL NAME
Personal name ROMAIN RPLLAND
245 ## - TITLE STATEMENT
Title 永不屈服的灵魂: 贝多芬传
Statement of responsibility, etc. 傅雷译
250 ## - EDITION STATEMENT
Edition statement 初版一刷
260 ## - PUBLICATION, DISTRIBUTION, ETC.
Place of publication, distribution, etc. 台湾
Name of publisher, distributor, etc. 远流出版事业股份有限
Date of publication, distribution, etc. 1990
300 ## - PHYSICAL DESCRIPTION
Other physical details 183
490 ## - SERIES STATEMENT
Series statement 励志馆. 7
650 ## - SUBJECT ADDED ENTRY--TOPICAL TERM
Topical term or geographic name entry element 贝多芬传记
942 ## - ADDED ENTRY ELEMENTS (KOHA)
Koha item type Book
-- 784.28 BET
Holdings
Withdrawn status Lost status Source of classification or shelving scheme Damaged status Not for loan Collection code Home library Current library Shelving location Date acquired Cost, normal purchase price Total Checkouts Full call number Barcode Date last seen Date last checked out Price effective from Koha item type Public note
            Malaysian Public Library, Research and Development Centre Malaysian Public Library, Research and Development Centre   10/12/2007 13.00   784.28 BET 00004275 17/03/2021 26/08/2018 17/03/2021 Book mplrdc

© 2022. Malaysian Public Library, Research and Development Centre. All Right ReservedE-mailmplrdc@help.edu.my 

Powered by Koha